00701nam a2200169 a 4500008004100000050001900041100001800060245008100078260003500159300001700194350000900211650004100220650003900261995008700300999001700387952012700404120416s1972 ||||||||||||||||| || u aQD 75.4.A8 Com aWilkins, C. L10aComputers in chemical and biochemical researchcedited by C. E. Klopfenstein aNew YorkbAcademic Pressc1972 avols. : ill. a0.00 aBIOCHEMICAL-- COMPUTATIONAL ANALYSIS 0aCHEMISTRY--HANDBOOKS, MANUALS, ETC D0.00FCBU-MAIN LIBRARY (Kitwe)H1I0.00M1UAVAILABLEZAnnex Low-Usage Collection  c38299d38299 00102lcc4070a001b001cAnnex Low-Usage Collection d2022-11-30l0oQD 75.4.A8 Comp718265r2022-11-30w2022-11-30y002